<?xml version="1.0" encoding="UTF-8" ?>
<collection xmlns="http://www.loc.gov/MARC21/slim"><record><leader>01075nam a2200265   4500</leader><controlfield tag="001">231264</controlfield><controlfield tag="003">CH-000273-5</controlfield><controlfield tag="005">20250827145131.0</controlfield><datafield tag="020" ind1=" " ind2=" "><subfield code="a">978-3-422-80072-4</subfield></datafield><datafield tag="040" ind1=" " ind2=" "><subfield code="a">CH-000273-5</subfield><subfield code="b">ger</subfield><subfield code="e">rda</subfield></datafield><datafield tag="041" ind1="0" ind2=" "><subfield code="a">ger</subfield></datafield><datafield tag="245" ind1="0" ind2="0"><subfield code="a">Archistories</subfield><subfield code="b">Architektur in der Kunst</subfield><subfield code="c">Herausgeberin: Staatliche Kunsthalle Karlsruhe ; Katalogredaktion: Kirsten Claudia Voigt, Amelie Mussack</subfield></datafield><datafield tag="264" ind1=" " ind2="1"><subfield code="a">Berlin</subfield><subfield code="b">Deutscher Kunstverlag</subfield><subfield code="c">[2025]</subfield></datafield><datafield tag="300" ind1=" " ind2=" "><subfield code="a">303 Seiten</subfield><subfield code="c">25 cm</subfield></datafield><datafield tag="336" ind1=" " ind2=" "><subfield code="a">Text</subfield><subfield code="b">txt</subfield><subfield code="2">rdacontent</subfield></datafield><datafield tag="336" ind1=" " ind2=" "><subfield code="a">unbewegtes Bild</subfield><subfield code="b">sti</subfield><subfield code="2">rdacontent</subfield></datafield><datafield tag="337" ind1=" " ind2=" "><subfield code="a">ohne Hilfsmittel zu benutzen</subfield><subfield code="b">n</subfield><subfield code="2">rdamedia</subfield></datafield><datafield tag="338" ind1=" " ind2=" "><subfield code="a">Band</subfield><subfield code="b">nc</subfield><subfield code="2">rdacarrier</subfield></datafield><datafield tag="650" ind1=" " ind2="7"><subfield code="a">Kunst</subfield><subfield code="x">Architektur</subfield><subfield code="g">Motiv</subfield><subfield code="2">gnd</subfield></datafield><datafield tag="655" ind1=" " ind2="7"><subfield code="a">Ausstellungskatalog</subfield><subfield code="x">Staatliche Kunsthalle Karlsruhe</subfield><subfield code="y">2025-2026</subfield><subfield code="z">Karlsruhe</subfield><subfield code="2">gnd-content</subfield></datafield><datafield tag="655" ind1=" " ind2="7"><subfield code="a">Bildband</subfield><subfield code="2">gnd-content</subfield></datafield><datafield tag="700" ind1="1" ind2=" "><subfield code="a">Voigt, Kirsten Claudia</subfield><subfield code="d">1964-</subfield><subfield code="e">Herausgeber</subfield><subfield code="4">edt</subfield></datafield><datafield tag="700" ind1="1" ind2=" "><subfield code="a">Mussack, Amelie</subfield><subfield code="d">ca. 20./21. Jh</subfield><subfield code="e">Herausgeber</subfield><subfield code="4">edt</subfield></datafield><datafield tag="710" ind1="2" ind2=" "><subfield code="a">Staatliche Kunsthalle Karlsruhe</subfield><subfield code="e">Herausgebendes Organ</subfield><subfield code="4">isb</subfield><subfield code="e">Veranstalter</subfield><subfield code="4">orm</subfield></datafield><datafield tag="852" ind1="4" ind2=" "><subfield code="a">CH-000273-5</subfield><subfield code="c">C 2025/0389</subfield></datafield></record></collection>